Music Quiz

Random Music or Album Quiz

Adele: 25 Quiz Stats

 Plays Quiz Updated Nov 20, 2015

Also try: Adele Songs
Challenge
Share
Tweet
Embed
Score 0/11 Timer 04:00
0 Plays Today
Track # Title % Correct
1Hello
99.5%
4When We Were Young
71.4%
2Send My Love (To Your New Lover)
67.5%
7River Lea
64.3%
6Water Under the Bridge
63%
10All I Ask
60.7%
5Remedy
59.8%
3I Miss You
56.9%
11Sweetest Devotion
55.9%
9Million Years Ago
55.6%
8Love in the Dark
52.3%

You're not logged in!

Compare scores with friends on all Sporcle quizzes.
Join for Free
OR
Log In

You Might Also Like...

Show Comments

Extras

Top Quizzes Today


Score Distribution

Your Account Isn't Verified!

In order to create a playlist on Sporcle, you need to verify the email address you used during registration. Go to your Sporcle Settings to finish the process.

Report this User

Report this user for behavior that violates our Community Guidelines.

Details: